000
00251nam a2200109Ia 4500
005
20251222140043.0
008
251222s1900||||xx |||||||||||||| ||spa||
082
_a
250.88/F81E
100
_a
"Francisco, Papa"
245
0
_a
Evangelii Gaudium
942
_c
LIB
999
_c
3348
_d
3348